00515cam a22001574a 4500020003600000020002200036040000800058082002600066100002200092245007800114260005600192300004000248650004500288942000700333999001700340 a0804730490 (cloth : alk. paper) a0804730504 (pbk.) cDLC00a959 STA 1999 A102 Or.1 aMorris, Stephen J10aWhy Vietnam invaded Cambodia :bpolitical culture and the causes of war / aStanford, Calif :bStanford University Press,c1999 axiii, 315 p. :bill., maps ;c24 cm 0aCambodian-Vietnamese Conflict, 1977-1991 cEK c13678d13678